[Event "38th Olympiad"]
[Site "Dresden GER"]
[Date "2008.11.14"]
[Round "2"]
[White "Chimthere,A"]
[Black "Nazarov,A"]
[Result "1/2-1/2"]
[WhiteElo "1966"]
[BlackElo "2344"]
[EventDate "2008.11.13"]

1. d4 d5 2. c4 e6 3. Nc3 Nf6 4. Bg5 Be7 5. Nf3 O-O 6. e3 c6 7. Bd3 Nbd7 8.
O-O b6 9. Rc1 Bb7 10. cxd5 exd5 11. Re1 c5 12. Nd2 Ne4 13. Bxe7 Qxe7 14.
Nf1 Nxc3 15. bxc3 c4 16. Bc2 f5 17. Qh5 g6 18. Qh6 Nf6 19. f3 Qg7 20. Qxg7+
Kxg7 21. Ng3 Rfe8 22. Kf2 Re6 23. h4 h5 24. Ne2 Rae8 25. Nf4 Rd6 26. a4 Bc6
27. Rh1 Bd7 28. Rh3 Kf7 29. Rhh1 Rc6 30. Ra1 Rcc8 31. Nh3 Kg7 32. Nf4 Rb8
33. Rhb1 Re7 34. g3 Rbe8 35. Re1 Bc6 36. Rab1 Rb8 37. Ne2 Ne8 38. Nc1 Nd6
39. Na2 Rbe8 40. Nb4 Bb7 41. Na2 Kf6 42. Nb4 Rg8 43. Ra1 Kf7 44. f4 Ke6 45.
Ke2 Ne8 46. a5 b5 47. a6 Ba8 48. Kd2 Kd6 49. Bd1 Nc7 50. Bf3 Re6 51. Ra5
Rb8 52. Rea1 Kd7 53. R5a3 Rbe8 54. Re1 Rb6 55. Ra5 Ree6 56. Rea1 Red6 57.
R5a3 Ke6 58. Kc2 Bc6 59. Ra5 Bd7 60. Kd2 Bc8 61. Kc2 Rd8 62. R5a2 Kd6 63.
Ra5 Bd7 64. Re1 Re8 65. Kd2 Re6 66. Rea1 Rb8 67. Re1 Bc6 68. Rea1 Kd7 69.
Re1 Rd6 70. Rea1 Na8 71. Rb1 Nc7 72. Rba1 Rb6 73. R5a3 Ba8 74. Ra5 Ne6 75.
Kc2 Nd8 76. Kb2 Rb8 77. R5a2 Ne6 78. Kc2 Nc7 79. Re1 Ne8 80. Ra5 Kc7 81.
Ra3 Nf6 82. Ra5 Bc6 83. Kd2 Nd7 84. Rb1 Rb6 85. Rba1 Nf6 86. R5a3 Re6 87.
Re1 Kd6 88. Ra5 Bd7 89. Ra3 Rb8 90. Ra2 Bc6 91. Ra3 Nd7 92. Rb1 Rbe8 93.
Re1 Nb6 94. Nc2 Na4 95. Nb4 Rd8 96. Ra2 Rb8 97. Ra3 Rbe8 1/2-1/2

[Event "38th Olympiad"]
[Site "Dresden GER"]
[Date "2008.11.14"]
[Round "2"]
[White "Delchev,A"]
[Black "Hernandez,Gu DOM"]
[Result "1-0"]
[WhiteElo "2632"]
[BlackElo "2360"]
[EventDate "2008.11.13"]

1. e4 e5 2. Bc4 Nf6 3. d3 Nc6 4. Nf3 Bc5 5. c3 O-O 6. O-O d6 7. h3 a6 8.
Bb3 h6 9. Re1 Ba7 10. Nbd2 Nh5 11. Nf1 Qf6 12. Be3 Ne7 13. d4 Nf4 14. Ng3
Neg6 15. Bc2 Be6 16. Nf5 Rfe8 17. h4 Kf8 18. g3 Nd5 19. Bg5 hxg5 20. hxg5
Qd8 21. exd5 Bxd5 22. dxe5 dxe5 23. Be4 Bxe4 24. Qxd8 Raxd8 25. Rxe4 Rd5
26. Rae1 c6 27. Kg2 Red8 28. N5h4 Nxh4+ 29. Rxh4 Bb8 30. c4 R5d7 31. Nxe5
Bxe5 32. Rh8+ Ke7 33. Rxe5+ Kd6 34. Rxd8 Rxd8 35. f4 b6 36. b4 Ra8 37. Kf3
Rh8 38. c5+ bxc5 39. Rxc5 Rb8 40. Rf5 Rb7 41. a3 Re7 42. Ra5 Ra7 43. g6
fxg6 44. Rg5 Ke6 45. Rxg6+ Kd5 46. Rg5+ Kc4 47. Ra5 1-0

[Event "38th Olympiad"]
[Site "Dresden GER"]
[Date "2008.11.14"]
[Round "2"]
[White "Zelcic,R"]
[Black "Yarmonov,I"]
[Result "1-0"]
[WhiteElo "2589"]
[BlackElo "2322"]
[EventDate "2008.11.13"]

1. e4 e5 2. Nf3 Nc6 3. Bc4 Bc5 4. c3 Nf6 5. d4 exd4 6. cxd4 Bb4+ 7. Bd2
Bxd2+ 8. Nbxd2 d5 9. exd5 Nxd5 10. Qb3 Nce7 11. O-O O-O 12. Rfe1 h6 13. Ne5
b6 14. Nxf7 Rxf7 15. Rxe7 Qxe7 16. Bxd5 c6 17. Bxc6 Bb7 18. Bxb7 Qxb7 19.
Nf3 Kh7 20. Re1 Rd8 21. Qd3+ Kg8 22. h3 Qd5 23. a3 Qf5 24. Qb3 Kh8 25. Re5
Qf4 26. Qc2 Qf6 27. Re4 Qd6 28. Ne5 Rf6 29. Rg4 Re8 30. Qa4 Re7 31. Rg3 Kg8
32. Qb3+ Qe6 33. Ng4 Rg6 34. d5 Qd6 35. Re3 Rxe3 36. Nxe3 Rf6 37. g3 Rf7
38. h4 Qe5 39. Qc2 Rc7 40. Qg6 Kf8 41. Qb1 Ke8 42. a4 Kd7 43. Kg2 Kc8 44.
b4 Rc3 45. Qg6 Rc7 46. a5 Qf6 47. Qe8+ Kb7 48. Qe4 Re7 49. Qc4 bxa5 50.
bxa5 Rf7 51. Qe2 Qd4 52. Qb5+ Kc7 53. Qc6+ Kd8 54. Qd6+ Ke8 55. Qe6+ Kf8
56. Qc8+ Ke7 57. Nf5+ Rxf5 1-0

[Event "38th Olympiad"]
[Site "Dresden GER"]
[Date "2008.11.14"]
[Round "2"]
[White "Bondarets,V"]
[Black "Stevic,H"]
[Result "1/2-1/2"]
[WhiteElo "2345"]
[BlackElo "2588"]
[EventDate "2008.11.13"]

1. c4 c5 2. Nf3 Nc6 3. d4 cxd4 4. Nxd4 Nf6 5. Nc3 e6 6. a3 Bc5 7. Nb3 Be7
8. e4 O-O 9. Be2 b6 10. O-O Bb7 11. f4 d6 12. Be3 Rc8 13. Bf3 Qc7 14. Rc1
Qb8 15. Qe2 Nd7 16. Rfd1 Rfd8 17. Nd2 Bf6 18. Nb3 Nc5 19. Na1 Ne7 20. Bf2
Ng6 21. g3 Qa8 22. Re1 a5 23. b4 axb4 24. axb4 Qa3 25. bxc5 Bxc3 26. Qe3
Bb4 27. Qxa3 Bxa3 28. Rb1 Bxc5 29. Bxc5 Rxc5 30. Rxb6 Ba8 31. Rc1 d5 32.
exd5 exd5 33. Ra6 Bb7 34. Ra7 Bc8 35. Rd1 Rxc4 36. Rxd5 Re8 37. Ra8 Kf8 38.
Nb3 Rc3 39. Rc5 Rxf3 40. Rcxc8 Rfe3 41. Rxe8+ Rxe8 1/2-1/2

[Event "38th Olympiad"]
[Site "Dresden GER"]
[Date "2008.11.14"]
[Round "2"]
[White "Esenov,An"]
[Black "Pelletier,Y"]
[Result "1/2-1/2"]
[WhiteElo "2319"]
[BlackElo "2557"]
[EventDate "2008.11.13"]

1. e4 d6 2. d4 Nf6 3. Nc3 e5 4. dxe5 dxe5 5. Qxd8+ Kxd8 6. Nf3 Bd6 7. Bg5
Be6 8. O-O-O Nbd7 9. Bb5 Kc8 10. Bh4 h6 11. Rhe1 Nh5 12. Bg3 Nxg3 13. hxg3
a6 14. Bxd7+ Bxd7 15. Nd5 Bc6 16. Nb6+ cxb6 17. Rxd6 Kc7 18. Rd2 Rae8 19.
Rde2 Re6 20. Nd2 Rf6 21. Nf3 Re6 22. Nd2 Rf6 23. Nf3 Re6 1/2-1/2

[Event "38th Olympiad"]
[Site "Dresden GER"]
[Date "2008.11.14"]
[Round "2"]
[White "Amanov,M"]
[Black "Gallagher,Jo"]
[Result "1-0"]
[WhiteElo "2357"]
[BlackElo "2480"]
[EventDate "2008.11.13"]

1. d4 Nf6 2. Nf3 g6 3. c4 Bg7 4. g3 O-O 5. Bg2 d6 6. O-O Nbd7 7. Qc2 e5 8.
Rd1 exd4 9. Nxd4 Re8 10. Nc3 a6 11. b3 Rb8 12. Bb2 Ne5 13. h3 c5 14. Nf3
Nxf3+ 15. exf3 b5 16. cxb5 axb5 17. f4 b4 18. Na4 Ba6 19. Rd2 Qc7 20. Rad1
Rbd8 21. f5 Bb5 22. fxg6 hxg6 23. a3 bxa3 24. Bxa3 Bh6 25. Bb2 Qe7 26. Nc3
Ba6 27. Nd5 Nxd5 28. Bxd5 Kh7 29. Qc3 f5 30. Rc2 Bg7 31. Qxg7+ Qxg7 32.
Bxg7 Kxg7 33. Ra2 Bb5 34. Ra7+ Rd7 35. Ra5 Rb8 36. Be6 Rdd8 37. Ra7+ Kh6
38. f4 Be2 39. g4 fxg4 40. hxg4 g5 41. Rd2 Bxg4 42. Bxg4 Rxb3 43. Rh2+ Kg6
44. Bh5+ Kf5 45. Rf7+ Ke4 46. fxg5 Rg3+ 47. Rg2 Rxg2+ 48. Kxg2 Rg8 49. g6
c4 50. g7 Ke5 51. Bg6 Ke6 52. Kf2 c3 53. Ke2 d5 54. Kd3 d4 1-0

[Event "38th Olympiad"]
[Site "Dresden GER"]
[Date "2008.11.14"]
[Round "2"]
[White "Paciencia,E"]
[Black "Nguyen Ngoc Truong Son"]
[Result "0-1"]
[WhiteElo "2440"]
[BlackElo "2567"]
[EventDate "2008.11.13"]

1. d4 d5 2. c4 c6 3. Nf3 Nf6 4. Nc3 a6 5. a4 e6 6. e3 Nbd7 7. Bd3 Bb4 8.
O-O O-O 9. Bd2 Qe7 10. Qc2 dxc4 11. Bxc4 c5 12. a5 b5 13. axb6 Nxb6 14. Be2
Bb7 15. Na4 Nxa4 16. Bxb4 cxb4 17. Qxa4 Ne4 18. Rfc1 Bd5 19. Qa5 Rfc8 20.
Qxa6 Nc3 21. Qd3 Qa7 22. h4 Qxa1 23. Rxa1 Rxa1+ 24. Kh2 Bc4 25. Qc2 Nxe2
26. Ng5 f5 27. Nxe6 Bxe6 28. Qxe2 Rac1 29. Qb5 R1c2 30. Qe5 Re8 31. Kg3 b3
32. h5 h6 33. Qb5 Bf7 34. Qxf5 Rxb2 35. Qb5 Rd2 0-1

[Event "38th Olympiad"]
[Site "Dresden GER"]
[Date "2008.11.14"]
[Round "2"]
[White "Tu Hoang Thong"]
[Black "Chan Yi Ren,D"]
[Result "1-0"]
[WhiteElo "2496"]
[BlackElo "2260"]
[EventDate "2008.11.13"]

1. e4 e5 2. Nf3 Nc6 3. d4 exd4 4. Nxd4 Nf6 5. Nc3 Bb4 6. Nxc6 bxc6 7. Bd3
d6 8. O-O Be6 9. Ne2 Ng4 10. h3 Ne5 11. f4 Bc5+ 12. Kh1 Ng4 13. Qe1 h5 14.
b4 Bb6 15. Bb2 Ne3 16. Qg3 Rg8 17. Rf2 h4 18. Qf3 Nc4 19. Bd4 c5 20. f5 Nd2
21. Qf4 Bd7 22. bxc5 dxc5 23. Be3 c4 24. Bxb6 axb6 25. Qxd2 cxd3 26. cxd3
Bc6 27. Qc3 Bb7 28. Ng1 Qd6 29. Rc1 c5 30. Nf3 O-O-O 31. Ne5 Qd4 32. Rb2
Rge8 33. Nxf7 Qxd3 34. Nxd8 Qxd8 35. Qb3 Bxe4 36. Rxc5+ Kb7 37. Rb5 Bxg2+
38. Kxg2 Qg5+ 39. Kf2 Qf4+ 40. Qf3+ 1-0

[Event "38th Olympiad"]
[Site "Dresden GER"]
[Date "2008.11.14"]
[Round "2"]
[White "Gomez,Joh"]
[Black "Goutali,T"]
[Result "1/2-1/2"]
[WhiteElo "2519"]
[BlackElo "2225"]
[EventDate "2008.11.13"]

1. e4 d6 2. d4 Nf6 3. Nc3 e5 4. dxe5 dxe5 5. Qxd8+ Kxd8 6. Bg5 Be6 7.
O-O-O+ Nbd7 8. g3 Kc8 9. f4 h6 10. Bxf6 Nxf6 11. Bh3 Bd6 12. Bxe6+ fxe6 13.
Nge2 Ng4 14. Rdf1 Kd7 15. h3 Nf6 16. g4 exf4 17. Nxf4 Bxf4+ 18. Rxf4 Ke7
19. Rhf1 Rhf8 20. Kd2 c6 21. Ke3 Nd7 22. Rxf8 Rxf8 23. Rxf8 Kxf8 24. Kd4
e5+ 25. Ke3 Nc5 26. h4 Ne6 27. Ne2 Kf7 28. Ng3 g6 29. Ne2 Kf6 30. c3 Kf7
31. Kf3 Kf6 32. Ke3 Kf7 33. b4 Ke7 34. Kf3 Kf6 35. Ke3 Ke7 36. Kf3 1/2-1/2

[Event "38th Olympiad"]
[Site "Dresden GER"]
[Date "2008.11.14"]
[Round "2"]
[White "Haddouche,M"]
[Black "Laylo,D"]
[Result "0-1"]
[WhiteElo "2333"]
[BlackElo "2507"]
[EventDate "2008.11.13"]

1. e4 d5 2. exd5 Nf6 3. Nf3 Nxd5 4. d4 Bf5 5. Be2 e6 6. O-O Be7 7. a3 Nc6
8. c4 Nb6 9. Nc3 O-O 10. Be3 Bf6 11. b3 Qe7 12. c5 Nd5 13. Nxd5 exd5 14. b4
a6 15. Qd2 h6 16. h3 g5 17. Rfe1 Bg7 18. Qb2 Qf6 19. Rad1 Rfe8 20. Ne5 Qe6
21. Nxc6 Qxc6 22. b5 Qxc5 23. bxa6 bxa6 24. dxc5 Bxb2 25. Rxd5 Be6 26. Rd3
Rab8 27. Bg4 Bxg4 28. hxg4 Rbd8 29. Red1 Rxd3 30. Rxd3 Re4 31. Rb3 Be5 32.
Rb8+ Kg7 33. Ra8 Ra4 34. Bc1 Bd4 35. Ra7 c6 36. Rd7 Rc4 37. Bd2 Bxc5 38.
Rd3 Bd4 39. Kf1 c5 40. Ke2 Rc2 41. Kf3 Kf6 42. Be3 Ke5 43. Rb3 Ra2 44. Rb7
f6 45. Re7+ Kd6 46. Rb7 Kc6 47. Rb3 Kd5 48. Rb8 Rxa3 49. Rd8+ Kc4 50. Ke4
Bxe3 51. fxe3 Ra2 52. Rd6 a5 53. Rxf6 Rxg2 54. Kf3 Rh2 55. Kg3 Rh1 56. e4
Kd4 57. Ra6 c4 58. Rxa5 c3 59. Ra4+ Kd3 60. Ra3 Kc4 61. Kg2 c2 0-1

[Event "38th Olympiad"]
[Site "Dresden GER"]
[Date "2008.11.14"]
[Round "2"]
[White "Samakov,N"]
[Black "Nedev,T"]
[Result "1/2-1/2"]
[WhiteElo "2340"]
[BlackElo "2525"]
[EventDate "2008.11.13"]

1. e4 c5 2. Nf3 Nc6 3. d4 cxd4 4. Nxd4 Nf6 5. Nc3 e5 6. Ndb5 d6 7. Bg5 a6
8. Na3 b5 9. Nd5 Be7 10. Bxf6 Bxf6 11. c3 O-O 12. Nc2 Bg5 13. a4 bxa4 14.
Rxa4 a5 15. Bb5 Ne7 16. Ncb4 Bh3 17. Nxe7+ Qxe7 18. Bc6 Rac8 19. Rxa5 Bxg2
20. Rg1 Bh3 21. Qh5 Bh4 22. Nd5 Qd8 23. Qh6 g6 24. Ra6 Be6 25. b4 Bf6 26.
b5 Bg7 27. Qg5 f6 28. Qh4 Rf7 29. Ke2 g5 30. Qg3 f5 31. Qxg5 Qxg5 32. Rxg5
fxe4 33. Ne3 Rcf8 34. Bxe4 Rxf2+ 35. Kd3 Kh8 36. Rxd6 Ba2 37. Rd7 Bb1+ 38.
Kc4 R2f4 39. Rgxg7 Rxe4+ 40. Kd5 Rxe3 41. c4 Bf5 42. Rc7 e4 43. b6 Rd3+ 44.
Kc6 Rd4 45. Kc5 Rdd8 46. Rgf7 Kg8 47. Rg7+ Kh8 48. b7 Rfe8 49. Rge7 e3 50.
Rxe8+ Rxe8 51. Re7 Rxe7 52. b8=Q+ Kg7 53. Qg3+ Kf7 54. Qf4 Kg6 55. h4 e2
56. Qg5+ Kf7 57. Qxf5+ Ke8 1/2-1/2

[Event "38th Olympiad"]
[Site "Dresden GER"]
[Date "2008.11.14"]
[Round "2"]
[White "Tologontegin,S"]
[Black "Mitkov,N1"]
[Result "1/2-1/2"]
[WhiteElo "2359"]
[BlackElo "2556"]
[EventDate "2008.11.13"]

1. e4 e5 2. Nf3 Nc6 3. Bb5 Nf6 4. O-O Nxe4 5. d4 Nd6 6. Bxc6 dxc6 7. dxe5
Nf5 8. Qxd8+ Kxd8 9. Nc3 Bd7 10. h3 h6 11. b3 Kc8 12. Bb2 Ne7 13. Nd4 c5
14. Nde2 b6 15. Rad1 Bf5 16. Rd2 Kb7 17. g4 Bc8 18. Ng3 g6 19. Nce4 Bg7 20.
f4 h5 21. f5 gxf5 22. Nxf5 Nxf5 23. gxf5 Re8 24. Re2 Bxe5 25. Nxc5+ bxc5
26. Rxe5 Rxe5 27. Bxe5 Bd7 28. Rf2 Rg8+ 29. Kf1 Kc6 30. Bf6 Rg3 31. h4 Rg4
32. Rf3 Bc8 33. Bg5 Rd4 34. Ke1 c4 35. f6 Bg4 36. Rc3 Rd1+ 37. Kf2 Be6 38.
Re3 Rd5 39. Re4 Rc5 40. Ke3 cxb3 41. cxb3 Ra5 42. Bf4 Bd5 43. Re7 Rxa2 44.
Rxc7+ Kb6 45. b4 Rb2 46. Rc5 Rb3+ 47. Kd2 Rb2+ 48. Kc3 Rb3+ 49. Kd2 Rb2+
50. Kc3 Rb3+ 51. Kd2 1/2-1/2

[Event "38th Olympiad"]
[Site "Dresden GER"]
[Date "2008.11.14"]
[Round "2"]
[White "Colovic,A"]
[Black "Davletbakov,S"]
[Result "1-0"]
[WhiteElo "2458"]
[BlackElo "2145"]
[EventDate "2008.11.13"]

1. d4 Nf6 2. c4 g6 3. g3 Bg7 4. Bg2 O-O 5. Nc3 d6 6. Nf3 Nbd7 7. O-O e5 8.
Qc2 c6 9. Rd1 Qc7 10. b3 Re8 11. e4 exd4 12. Nxd4 a6 13. Bb2 Rb8 14. Rac1
Ne5 15. h3 c5 16. Nde2 b5 17. f4 Nc6 18. Nd5 Nxd5 19. cxd5 Nb4 20. Qb1 Bxb2
21. Qxb2 Bxh3 22. Bxh3 Rxe4 23. a3 Qe7 24. Bf1 h5 25. Nc3 Re3 26. Qf2 Re8
27. axb4 cxb4 28. Ne2 h4 29. gxh4 Qd7 30. f5 R8e5 31. Rd4 Qxf5 32. Qxf5
Rxf5 33. Rxb4 Rxd5 34. Rc3 Ree5 35. Rd4 a5 36. Rc6 Rc5 37. Rcxd6 Re3 38.
Rd3 Re4 39. R6d4 Ree5 40. Nc3 Kg7 41. Rd7 Rf5 42. R7d5 Rfxd5 43. Nxd5 a4
44. b4 Rc4 45. Rh3 Rd4 46. Bxb5 Rxd5 47. Bxa4 Rd4 48. Rb3 Rxh4 49. Bc6 1-0

[Event "38th Olympiad"]
[Site "Dresden GER"]
[Date "2008.11.14"]
[Round "2"]
[White "Al Subaihi,K"]
[Black "Steingrimsson,H"]
[Result "0-1"]
[WhiteElo "2187"]
[BlackElo "2540"]
[EventDate "2008.11.13"]

1. e4 c5 2. Nf3 d6 3. d4 cxd4 4. Nxd4 Nf6 5. Nc3 a6 6. Bc4 e6 7. Bb3 b5 8.
f3 Nbd7 9. Be3 Nc5 10. Qd2 Qc7 11. g4 Be7 12. h4 b4 13. Nce2 Rb8 14. h5 a5
15. c4 bxc3 16. Qxc3 O-O 17. g5 Ne8 18. g6 Bf6 19. Nf4 Nxb3 20. Qxc7 Nxc7
21. Nxb3 a4 22. Nd2 Bxb2 23. Rb1 Ba6 24. Kf2 e5 25. gxh7+ Kxh7 26. Nh3 Ne6
27. Ng5+ Nxg5 28. Bxg5 Bd3 29. Rbd1 Bd4+ 30. Be3 Rb2 31. Bxd4 exd4 32. a3
Rc8 33. Kg3 Be2 0-1

[Event "38th Olympiad"]
[Site "Dresden GER"]
[Date "2008.11.14"]
[Round "2"]
[White "Danielsen,Hen"]
[Black "Al Hadarani,H"]
[Result "1/2-1/2"]
[WhiteElo "2492"]
[BlackElo "2308"]
[EventDate "2008.11.13"]

1. g3 e5 2. Bg2 d5 3. d3 Nf6 4. Nf3 Bd6 5. O-O O-O 6. Nc3 c6 7. Nh4 d4 8.
Ne4 Be7 9. Nd2 Nd5 10. Nhf3 Qc7 11. Nc4 Bf6 12. a4 Rd8 13. Bd2 c5 14. Qc1
Nc6 15. c3 h6 16. Qc2 Bf5 17. Rfc1 Qe7 18. Ne1 Rac8 19. Bxd5 Rxd5 20. e4
dxe3 21. Nxe3 Qd7 22. Nxd5 Qxd5 23. f3 c4 24. Qd1 cxd3 25. Ng2 Bg6 26. Ne3
Qe6 27. a5 e4 28. f4 Ne7 29. Qf1 Bf5 30. Re1 g6 31. g4 Bxg4 32. Nxg4 Qxg4+
33. Qg2 Qd7 34. Rxe4 Nf5 35. Rae1 Bh4 36. Rf1 Be7 37. Rfe1 Bh4 38. Rf1 Be7
39. Rfe1 Bh4 1/2-1/2

[Event "38th Olympiad"]
[Site "Dresden GER"]
[Date "2008.11.14"]
[Round "2"]
[White "Al Zendani,Z"]
[Black "Kristjansson,St"]
[Result "0-1"]
[WhiteElo "2400"]
[BlackElo "2474"]
[EventDate "2008.11.13"]

1. e4 Nc6 2. d4 d5 3. e5 Bf5 4. c3 f6 5. f4 Qd7 6. Nf3 Nh6 7. Be3 e6 8. Bd3
Be4 9. O-O Be7 10. Qc2 f5 11. h3 Nf7 12. Nbd2 h6 13. Nb3 g5 14. g3 Rg8 15.
Kh2 O-O-O 16. Qe2 g4 17. hxg4 Rxg4 18. Nc5 Bxc5 19. dxc5 Rdg8 20. Bf2 Bxf3
21. Qxf3 Nfxe5 22. fxe5 Nxe5 23. Qe2 Qg7 24. Rg1 f4 25. Bd4 Rxg3 26. Bxe5
Qg5 27. Bf6 Qxf6 28. Rxg3 Rxg3 29. Qh5 Kd7 30. Bf1 Rg5 31. Qf3 Rg3 32. Qh5
Ke7 33. Re1 Qg5 34. Qxg5+ hxg5 35. Rd1 Re3 36. Rd4 Re1 37. Kg2 Rb1 38. Rb4
b6 39. cxb6 axb6 40. a4 e5 41. c4 d4 42. Rb5 e4 43. Re5+ Kd6 44. Rxe4 Rxb2+
45. Kf3 Rb3+ 46. Kg4 Rg3+ 47. Kf5 Kc5 48. Re7 c6 49. Re5+ Kb4 50. Re6 Rg1
51. Bd3 f3 52. Rxc6 Kc3 53. Ke4 g4 54. c5 Re1+ 55. Kd5 Kxd3 56. cxb6 f2 57.
Rf6 f1=Q 58. Rxf1 Rxf1 59. a5 Rb1 60. Kc5 g3 61. a6 g2 62. a7 g1=Q 63. a8=Q
Qg5+ 0-1

[Event "38th Olympiad"]
[Site "Dresden GER"]
[Date "2008.11.14"]
[Round "2"]
[White "Rowson,J"]
[Black "Berlinsky,V"]
[Result "1-0"]
[WhiteElo "2596"]
[BlackElo "2325"]
[EventDate "2008.11.13"]

1. d4 Nf6 2. c4 c5 3. d5 e5 4. Nc3 d6 5. e4 Be7 6. g3 O-O 7. Bg2 Ne8 8.
Nge2 a6 9. a4 b6 10. O-O Ra7 11. Be3 Bf6 12. Qd2 g6 13. f4 exf4 14. gxf4
Bg7 15. Ng3 Re7 16. Kh1 h5 17. Rae1 h4 18. Nge2 f5 19. Rg1 fxe4 20. Bxe4
Bf5 21. Bxf5 gxf5 22. Bf2 Kh8 23. Rg5 Bf6 24. Rh5+ Rh7 25. Rxh7+ Kxh7 26.
Ng1 Ng7 27. Nf3 Nd7 28. Rg1 Qe8 29. Bxh4 Qh5 30. Qg2 Rg8 31. Bxf6 Nxf6 32.
Ng5+ Kh8 33. Ne2 Ne4 34. Nxe4 fxe4 35. Ng3 Qh6 36. Nf5 1-0

[Event "38th Olympiad"]
[Site "Dresden GER"]
[Date "2008.11.14"]
[Round "2"]
[White "Krylov,Sergey"]
[Black "Aagaard,J"]
[Result "0-1"]
[WhiteElo "2388"]
[BlackElo "2528"]
[EventDate "2008.11.13"]

1. e4 c5 2. Nf3 d6 3. d4 cxd4 4. Nxd4 Nf6 5. Nc3 a6 6. f4 e6 7. Be2 Be7 8.
Be3 Qc7 9. O-O O-O 10. a4 b6 11. Bf3 Bb7 12. g4 Nc6 13. g5 Nd7 14. Nde2
Rfe8 15. Qd2 Bf8 16. Rad1 Rac8 17. Bf2 Nc5 18. Bg2 Nb4 19. Ng3 Red8 20. Bd4
Nc6 21. Be3 d5 22. Qf2 d4 23. Bxd4 Nxd4 24. Rxd4 Rxd4 25. Qxd4 Rd8 26. Qe3
Nd3 27. Qxd3 Rxd3 28. cxd3 Qd6 29. e5 Qd4+ 30. Kh1 Bxg2+ 31. Kxg2 b5 32.
axb5 axb5 33. Rf3 b4 34. Nge2 Qc5 35. Na2 Qc2 36. Nac1 Qxb2 37. d4 g6 38.
Kf2 Qc2 39. Rd3 h6 40. h4 h5 41. Kg3 Be7 42. Kf2 Kf8 43. Rg3 Qe4 44. Rh3
Ke8 45. Nb3 Kd7 46. Nd2 Qf5 47. Rg3 Kc6 48. Nb3 Qc2 49. Re3 Qd1 50. Rh3 Kb5
51. Nbc1 Kc4 52. Kg2 Bd8 53. Re3 Bb6 54. Kh2 Qd2 55. Rb3 Bxd4 56. Kg3 Bb2
0-1

[Event "38th Olympiad"]
[Site "Dresden GER"]
[Date "2008.11.14"]
[Round "2"]
[White "Arakhamia,K"]
[Black "Wassin,S"]
[Result "1/2-1/2"]
[WhiteElo "2448"]
[BlackElo "2325"]
[EventDate "2008.11.13"]

1. e4 c5 2. Nf3 e6 3. d4 cxd4 4. Nxd4 a6 5. Bd3 Bc5 6. Nb3 Be7 7. O-O Nc6
8. f4 d6 9. Nc3 Nf6 10. Qf3 Qc7 11. Bd2 O-O 12. Rae1 Nb4 13. Kh1 Nxd3 14.
cxd3 b5 15. Rc1 Qd7 16. Na5 Bb7 17. f5 Rac8 18. Nxb7 Qxb7 19. b4 Qd7 20. g4
h6 21. g5 hxg5 22. Bxg5 Nh7 23. Bd2 d5 24. e5 d4 25. Ne2 exf5 26. Qxf5 Qd5+
27. Kg1 Rxc1 28. Nxc1 g6 29. Qg4 Qxe5 30. Re1 Qf6 31. Nb3 Ng5 32. Bxg5 Qxg5
33. Qxg5 Bxg5 34. Nxd4 Bd2 35. Re4 Rd8 36. Kf1 f5 37. Re2 Bc3 38. Nb3 Rxd3
39. Re6 Kf7 40. Rxa6 Bxb4 41. Rb6 Rd5 42. Ke2 Bd6 43. h3 Ke6 44. Rxb5 Rxb5
45. Nd4+ Kd5 46. Nxb5 Be5 47. Kf3 Kc4 48. Na7 Kc5 49. Nc8 Bf6 50. Kf4 Kc6
51. a4 Kc5 52. a5 Kb5 53. Nd6+ Kxa5 54. Nxf5 1/2-1/2

[Event "38th Olympiad"]
[Site "Dresden GER"]
[Date "2008.11.14"]
[Round "2"]
[White "Pribeanu,D"]
[Black "McNab,C"]
[Result "0-1"]
[WhiteElo "2232"]
[BlackElo "2455"]
[EventDate "2008.11.13"]

1. e4 g6 2. d4 d6 3. Be3 Bg7 4. Nc3 Nf6 5. Qd2 c6 6. f3 Qa5 7. g4 h5 8. g5
Nfd7 9. h4 b5 10. Nge2 O-O 11. Ng3 e5 12. O-O-O b4 13. Nb1 Qxa2 14. f4 exf4
15. Bxf4 c5 16. Bxd6 Bxd4 17. c3 Be5 18. cxb4 Nc6 19. Nc3 Qa1+ 20. Kc2 Nd4+
21. Qxd4 cxd4 22. Rxa1 Bxd6 23. e5 Bxe5 24. Nce4 Bb7 25. Rg1 Bxg3 26. Nxg3
Rfc8+ 27. Kd2 Ne5 28. Bg2 Nc4+ 29. Kd3 Nxb2+ 30. Kd2 Bxg2 31. Rxg2 d3 32.
Ke3 Re8+ 33. Kd2 Rac8 34. Rc1 Nc4+ 35. Kxd3 Ne5+ 36. Kd4 0-1

[Event "38th Olympiad"]
[Site "Dresden GER"]
[Date "2008.11.14"]
[Round "2"]
[White "Kobese,W"]
[Black "Buhmann,R"]
[Result "1/2-1/2"]
[WhiteElo "2369"]
[BlackElo "2541"]
[EventDate "2008.11.13"]

1. e4 e5 2. Nf3 Nc6 3. Bb5 Nf6 4. O-O Nxe4 5. Qe2 Nd6 6. Bxc6 dxc6 7. Qxe5+
Qe7 8. Qa5 Qd8 9. Qc3 Be6 10. Nd4 Qd7 11. Qe3 Be7 12. Nxe6 fxe6 13. c3 O-O
14. d4 Nf5 15. Qe4 c5 16. dxc5 Bxc5 17. Nd2 Qd5 18. Qe2 e5 19. Ne4 Bb6 20.
b3 Nd6 21. Nxd6 cxd6 22. Be3 Qe4 23. Rfe1 Bxe3 24. Qxe3 Qxe3 25. Rxe3 Kf7
26. Rd1 Ke6 27. Red3 Rfd8 28. Rd5 a6 29. a4 Rac8 30. c4 b6 31. a5 bxa5 32.
Rxa5 Rc6 33. f3 Rb8 34. Rd3 Rb4 35. Kf2 Rcb6 1/2-1/2

[Event "38th Olympiad"]
[Site "Dresden GER"]
[Date "2008.11.14"]
[Round "2"]
[White "Prusikin,M"]
[Black "Solomon,K"]
[Result "1-0"]
[WhiteElo "2538"]
[BlackElo "2337"]
[EventDate "2008.11.13"]

1. d4 Nf6 2. c4 e6 3. Nf3 b6 4. g3 Ba6 5. Qc2 c5 6. d5 exd5 7. cxd5 g6 8.
Bg2 Bg7 9. O-O O-O 10. Nc3 d6 11. Bf4 Re8 12. Rfe1 b5 13. e4 Ng4 14. h3 Ne5
15. Nxe5 dxe5 16. Be3 Bf8 17. Bf1 b4 18. Nb1 Bxf1 19. Rxf1 Qc8 20. Kg2 Qa6
21. Nd2 Nd7 22. a3 Qb7 23. Nc4 a5 24. Qa4 Rec8 25. Kh2 h5 26. Rad1 Ra6 27.
Rfe1 Rb8 28. Qc2 bxa3 29. bxa3 Qb3 30. Qe2 Raa8 31. Ra1 Qa4 32. Rec1 Rb3
33. Qc2 Qb5 34. a4 Qb7 35. Bd2 Rb4 36. Bxb4 cxb4 37. Nd2 Bc5 38. Nb3 Bb6
39. Qe2 Qa7 40. Kg2 Nc5 41. Nxc5 Bxc5 42. Rab1 Bd4 43. Rc6 Qb7 44. Qc4 Qe7
45. Rb3 Ra7 46. d6 1-0

[Event "38th Olympiad"]
[Site "Dresden GER"]
[Date "2008.11.14"]
[Round "2"]
[White "Cawdery,D"]
[Black "Jorczik,J"]
[Result "1-0"]
[WhiteElo "2265"]
[BlackElo "2382"]
[EventDate "2008.11.13"]

1. e4 c6 2. d4 d5 3. Nc3 dxe4 4. Nxe4 Bf5 5. Ng3 Bg6 6. h4 h6 7. Nf3 Nd7 8.
h5 Bh7 9. Bd3 Bxd3 10. Qxd3 e6 11. Bf4 Qa5+ 12. Bd2 Bb4 13. Ne4 Ngf6 14.
Nd6+ Ke7 15. Nxb7 Bxd2+ 16. Nxd2 Qb4 17. Qb3 Qxd4 18. O-O-O Rab8 19. Qa3+
c5 20. Na5 Rhc8 21. f3 Qb4 22. Ndc4 Nb6 23. Qxb4 cxb4 24. Ne5 Ke8 25. Nec6
Ra8 26. Nxb4 Rc5 27. Nb7 Rxh5 28. Rxh5 Nxh5 29. Nc6 Nd5 30. c4 Ne3 31. Nd6+
Kd7 32. Ne5+ Ke7 33. Nc6+ Kd7 34. Ne5+ Ke7 35. Rd2 f5 36. Nc6+ Kf6 37. Re2
Nf1 38. Re1 Nfg3 39. Kd2 Nf4 40. c5 a5 41. Rc1 e5 42. Ke3 Nxg2+ 43. Kf2 Nf4
44. Rd1 Nge2 45. Nc4 h5 46. N6xe5 h4 47. c6 h3 48. Nd7+ Kg5 49. Nd6 Ra7 50.
Nb5 Ra8 51. c7 h2 52. Nb8 Nh3+ 53. Kg2 Nhf4+ 54. Kxh2 1-0

[Event "38th Olympiad"]
[Site "Dresden GER"]
[Date "2008.11.14"]
[Round "2"]
[White "Heimann,An"]
[Black "Mabusela,J"]
[Result "1/2-1/2"]
[WhiteElo "2428"]
[BlackElo "2273"]
[EventDate "2008.11.13"]

1. e4 e6 2. d4 d5 3. Nc3 Bb4 4. e5 Ne7 5. a3 Bxc3+ 6. bxc3 c5 7. Qg4 Kf8 8.
a4 Qc7 9. Nf3 b6 10. Ba3 Kg8 11. Bd3 Ba6 12. dxc5 bxc5 13. O-O h6 14. Rab1
Bxd3 15. cxd3 Kh7 16. c4 Rd8 17. d4 Nbc6 18. cxd5 Rxd5 19. Bxc5 Rad8 20.
Qe4+ Kg8 21. Rfc1 Qd7 22. g4 Rf8 23. Rc3 f5 24. exf6 Rxf6 25. Bxe7 Nxe7 26.
Rb8+ Rf8 27. Rxf8+ Kxf8 28. Re3 Nc6 29. Ne5 Nxe5 30. dxe5 Rd4 31. Qf3+ Kg8
32. a5 Qd5 33. Qxd5 Rxd5 34. Ra3 Rxe5 35. a6 Rd5 36. Kg2 Rd6 37. Kf3 Rb6
38. h3 Kf7 39. Ke4 Kf6 40. Ra5 g5 41. Ra3 Rb4+ 42. Kf3 Kg6 43. Kg3 Rb6 44.
h4 gxh4+ 45. Kxh4 Rd6 46. Ra5 Rb6 47. Kg3 Rc6 48. Kf4 Kf6 49. Ra4 Rb6 50.
f3 Rc6 51. Ke4 Rb6 52. Kd4 Rd6+ 53. Ke4 Rb6 54. Kf4 Rd6 55. Ra5 Rb6 56. Kg3
Rc6 57. f4 Rb6 58. Kh3 Rc6 59. Kh4 Kg6 60. Ra4 1/2-1/2

[Event "38th Olympiad"]
[Site "Dresden GER"]
[Date "2008.11.14"]
[Round "2"]
[White "Bakr,J"]
[Black "Adly,A"]
[Result "1-0"]
[WhiteElo "2338"]
[BlackElo "2586"]
[EventDate "2008.11.13"]

1. e4 c5 2. Nf3 d6 3. d4 Nf6 4. Nc3 cxd4 5. Nxd4 a6 6. Bg5 e6 7. f4 Qc7 8.
Qe2 Nbd7 9. O-O-O b5 10. f5 Ne5 11. Bxf6 gxf6 12. Qh5 b4 13. Nce2 exf5 14.
Nxf5 Bb7 15. Neg3 Rc8 16. Nd4 Qc5 17. Kb1 Rg8 18. Qxh7 Rg6 19. Be2 d5 20.
exd5 Bxd5 21. Bf3 Nxf3 22. gxf3 Bd6 23. Rhe1+ Kd8 24. Ne4 Bxe4 25. Qxf7 Rc7
26. Ne6+ Kc8 27. Qe8+ 1-0